Нормален изглед
MARC изглед
- Черпокова, Светла Кирилова
Вход 01. Лично име
001 - Контролен номер на записа
- Контролно поле: 141604
003 - Код на организацията, даваща контролен номер
- Контролно поле: BLK
005 - Дата и час на последна промяна на записа
- Контролно поле: 20250218091132.0
008 - Данни с фиксирана дължина – обща информация
- Данни с фиксирана дължина : 180403n| acnz|abbn | aba d
100 1# - ИМЕ НА ЛИЦЕ -ПЪРВИЧНА ИНТЕЛЕКТУАЛНА ОТГОВОРНОСТ
- Лично име: Черпокова, Светла Кирилова
- Дати, свързани с автора: 1967 -
- Друга информация: Филолог
500 ## - Допълнителна информация за лично име
- Лично име: Черпокова-Захариева, Светла Кирилова
942 ## - Системна служебна употреба
- Koha auth type: PERSO_NAME